[Event "Druga liga centralne Srbije grupa "]
[Site "?"]
[Date "2016.10.07"]
[Round "8.1"]
[White "Savicevic, Vlatko"]
[Black "Irizanin, Radoje"]
[Result "1-0"]
[WhiteElo "2340"]
[BlackElo "2317"]
[PlyCount "41"]
[EventDate "2016.09.04"]

1. e4 Nf6 2. e5 Nd5 3. d4 d6 4. c4 Nb6 5. exd6 cxd6 6. Nc3 Bf5 7. Qf3 Bd7 8.
Be3 e6 9. Qg3 Nc6 10. Rc1 h6 11. Nf3 g6 12. Be2 Rc8 13. b3 d5 14. c5 Na8 15.
O-O Bg7 16. Nb5 O-O 17. Nd6 Rb8 18. Bd3 Nc7 19. Bf4 g5 20. Nxf7 gxf4 21. Nxh6+
1-0

[Event "Druga liga centralne Srbije grupa "]
[Site "?"]
[Date "2016.10.07"]
[Round "8.1"]
[White "Mirkovic, Stevan"]
[Black "Simic, Dragisa"]
[Result "1/2-1/2"]
[WhiteElo "2306"]
[BlackElo "2290"]
[PlyCount "26"]
[EventDate "2016.09.04"]

1. Nf3 c5 2. c4 Nf6 3. d4 cxd4 4. Nxd4 g6 5. Nc3 Bg7 6. e4 d6 7. Be2 O-O 8. O-O
Nc6 9. Be3 Nxd4 10. Bxd4 Qa5 11. Rc1 Be6 12. b3 a6 13. Qd3 Rab8 1/2-1/2

[Event "Druga liga centralne Srbije grupa "]
[Site "?"]
[Date "2016.10.07"]
[Round "8.1"]
[White "Biljanic, Ljubomir"]
[Black "Smolovic, Mile"]
[Result "1/2-1/2"]
[WhiteElo "2218"]
[BlackElo "2291"]
[PlyCount "138"]
[EventDate "2016.09.04"]

1. d4 d6 2. c4 e5 3. d5 Be7 4. Nc3 Bg5 5. e3 f5 6. Nf3 Bh6 7. e4 Bxc1 8. Qxc1
Nh6 9. c5 O-O 10. cxd6 cxd6 11. Be2 Na6 12. O-O Nc5 13. exf5 a5 14. Nb5 Qb6 15.
f6 Rxf6 16. Nd2 Bd7 17. a4 Bxb5 18. axb5 Qd8 19. Nc4 Nb3 20. Qc3 Nxa1 21. Rxa1
Nf5 22. Rxa5 Rxa5 23. Qxa5 Qc8 24. b6 Nd4 25. Bf1 Qf5 26. Qe1 Qg6 27. Kh1 Qf7
28. Kg1 Qxd5 29. Ne3 Qc5 30. Qa1 Rf8 31. Qa7 Nc2 32. b4 Nxb4 33. Qxb7 d5 34. g4
g6 35. h4 d4 36. Nc4 d3 37. Ne3 d2 38. Qd7 Qxb6 39. Qxd2 Qd4 40. Bc4+ Kh8 41.
Qxb4 Qf4 42. Qb2 Re8 43. Kg2 Qe4+ 44. Kg1 h5 45. Bd5 Qf4 46. gxh5 gxh5 47. Ng2
Qg4 48. f3 Qg3 49. Qc1 Kg7 50. Qc7+ Kh8 51. Qf7 Rb8 52. Qxh5+ Kg7 53. Qf7+ Kh8
54. Be4 Qg7 55. Qh5+ Kg8 56. Bd5+ Kf8 57. Qf5+ Ke7 58. Qe6+ Kd8 59. Qd6+ Kc8
60. Be6+ Kb7 61. h5 Qg5 62. Bd5+ Kc8 63. Be6+ Kb7 64. h6 Qc1+ 65. Kf2 Qc2+ 66.
Kf1 e4 67. fxe4 Ra8 68. Bd5+ Kc8 69. Bxa8 Qf2+ 1/2-1/2

[Event "Druga liga centralne Srbije grupa "]
[Site "?"]
[Date "2016.10.07"]
[Round "8.1"]
[White "Gavrilovic, Leonardo"]
[Black "Rajevic, Gavrilo"]
[Result "1/2-1/2"]
[WhiteElo "2226"]
[BlackElo "2264"]
[PlyCount "106"]
[EventDate "2016.09.04"]

1. Nf3 Nf6 2. c4 g6 3. g3 Bg7 4. Bg2 O-O 5. O-O d6 6. d4 c5 7. Nc3 Nc6 8. h3
cxd4 9. Nxd4 Bd7 10. Be3 Qa5 11. c5 Nxd4 12. Bxd4 e5 13. Be3 dxc5 14. Qd6 Rac8
15. Bg5 Be6 16. Bxb7 Rb8 17. Bxf6 Bxf6 18. Ne4 Bg7 19. Qxc5 Qxc5 20. Nxc5 Bxh3
21. Rfd1 Rfd8 22. Bd5 Rdc8 23. Ne4 h6 24. Kh2 Bg4 25. Rd2 Rc7 26. f3 Bc8 27.
Rad1 Bb7 28. Nc3 Bf8 29. Bxb7 Rcxb7 30. b3 Bc5 31. Ne4 Bd4 32. Nd6 Rc7 33. Nc4
f6 34. Kg2 Re8 35. e3 Bc5 36. Rd7 Re7 37. Rxe7 Bxe7 38. Rd5 Kf7 39. f4 exf4 40.
exf4 Ke6 41. Rd3 h5 42. Kf3 g5 43. fxg5 fxg5 44. Ke4 Rc5 45. Rd2 Rf5 46. Rh2 g4
47. Ne3 Re5+ 48. Kd3 Bc5 49. Ng2 Rd5+ 50. Ke4 Rd4+ 51. Ke3 Rd5+ 52. Ke4 Rd4+
53. Ke3 Rd5+ 1/2-1/2

[Event "Druga liga centralne Srbije grupa "]
[Site "?"]
[Date "2016.10.07"]
[Round "8.1"]
[White "Adzic, Momcilo"]
[Black "Matovic, Petar"]
[Result "1/2-1/2"]
[WhiteElo "2240"]
[BlackElo "2159"]
[PlyCount "84"]
[EventDate "2016.09.04"]

1. e4 d5 2. exd5 Qxd5 3. Nc3 Qe6+ 4. Be2 Qg6 5. Bf3 e5 6. Nge2 Nc6 7. O-O Bg4
8. Bxg4 Qxg4 9. h3 Qg6 10. d3 O-O-O 11. f4 f6 12. Be3 Nge7 13. fxe5 fxe5 14.
Ne4 Nf5 15. Bf2 Be7 16. N2g3 Rhf8 17. Nxf5 Rxf5 18. Be3 Rdf8 19. Qe2 a6 20.
Rxf5 Rxf5 21. c3 Nb8 22. Qg4 Qxg4 23. hxg4 Rf8 24. g5 Kd7 25. g4 Ke6 26. Kg2 g6
27. Rh1 Rf7 28. c4 Nc6 29. a3 a5 30. Rf1 b6 31. Re1 Bd8 32. Nc3 Kd7 33. Rf1
Rxf1 34. Kxf1 Ke6 35. Ke2 Ne7 36. b4 axb4 37. axb4 Nc6 38. b5 Na5 39. Kf3 Nb7
40. Ne4 Be7 41. Nc3 Bd8 42. Ne4 Be7 1/2-1/2

[Event "Druga liga centralne Srbije grupa "]
[Site "?"]
[Date "2016.10.07"]
[Round "8.1"]
[White "Roljevic, Djordje"]
[Black "Pavlovic, Nebojsa"]
[Result "1/2-1/2"]
[WhiteElo "2109"]
[BlackElo "2317"]
[PlyCount "72"]
[EventDate "2016.09.04"]

1. d4 Nf6 2. Nf3 g6 3. Nc3 Bg7 4. e4 d6 5. Bf4 O-O 6. Qd2 c6 7. Bh6 Bg4 8.
O-O-O Nbd7 9. h4 Qa5 10. h5 Bxh5 11. Kb1 Rfe8 12. Bxg7 Kxg7 13. Qf4 e5 14. dxe5
dxe5 15. Qh4 Rad8 16. Bc4 b5 17. Bb3 Nc5 18. Rxd8 Qxd8 19. Ng5 Nxb3 20. axb3 h6
21. Nf3 Qe7 22. Ne1 Rh8 23. f3 g5 24. Qh2 Bg6 25. Nd3 Nd7 26. Nd1 f6 27. Ne3
Nc5 28. Nc1 Ne6 29. Ne2 Qc5 30. Nf5+ Bxf5 31. exf5 Nf4 32. Rd1 h5 33. Rd7+ Kh6
34. Ng3 Qf2 35. Rf7 Qe1+ 36. Ka2 Qa5+ 1/2-1/2

[Event "Druga liga centralne Srbije grupa "]
[Site "?"]
[Date "2016.10.07"]
[Round "8.1"]
[White "Markovic, Aleksandar"]
[Black "Kozaicevski, Fedja"]
[Result "1/2-1/2"]
[WhiteElo "2170"]
[BlackElo "1971"]
[PlyCount "43"]
[EventDate "2016.09.04"]

1. e4 c5 2. Nf3 Nc6 3. d4 cxd4 4. Nxd4 e5 5. Nb5 a6 6. Nd6+ Bxd6 7. Qxd6 Qf6 8.
Qxf6 Nxf6 9. Nc3 d6 10. Be3 Be6 11. O-O-O O-O-O 12. Be2 d5 13. exd5 Nxd5 14.
Nxd5 Rxd5 15. Bf3 Rxd1+ 16. Rxd1 Kc7 17. b3 Rd8 18. Bxc6 Rxd1+ 19. Kxd1 Kxc6
20. Kd2 f5 21. f3 Kd6 22. Kd3 1/2-1/2

[Event "Druga liga centralne Srbije grupa "]
[Site "?"]
[Date "2016.10.07"]
[Round "8.2"]
[White "Mrsevic, Miroslav"]
[Black "Ostojic, Nikola"]
[Result "0-1"]
[WhiteElo "2255"]
[BlackElo "2421"]
[PlyCount "88"]
[EventDate "2016.09.04"]

1. g3 c5 2. Bg2 Nc6 3. f4 g6 4. Nf3 Bg7 5. O-O d6 6. c3 e5 7. e4 Nge7 8. d3 O-O
9. Na3 Rb8 10. Nc2 b5 11. f5 gxf5 12. Nh4 fxe4 13. dxe4 f6 14. Ne3 Kh8 15. Nef5
Nxf5 16. exf5 Ne7 17. Be3 Bb7 18. Bxb7 Rxb7 19. Qf3 Rc7 20. g4 d5 21. Rad1 d4
22. g5 Qa8 23. Bc1 Qxf3 24. Rxf3 fxg5 25. Bxg5 Bf6 26. Bxf6+ Rxf6 27. Re1 Nc6
28. Re4 Rg7+ 29. Kf2 a5 30. Rh3 Kg8 31. Rg3 a4 32. cxd4 cxd4 33. Kf3 Rd6 34.
Ke2 Kf7 35. Nf3 Rxg3 36. hxg3 Kf6 37. g4 h5 38. Nh4 hxg4 39. Rxg4 Ne7 40. Rg1
e4 41. Rg4 Ke5 42. Rg5 Rh6 43. Ng6+ Kf6 44. Rg4 Kxf5 0-1

[Event "Druga liga centralne Srbije grupa "]
[Site "?"]
[Date "2016.10.07"]
[Round "8.2"]
[White "Nestorovic, Lazar"]
[Black "Kahrovic, Mersid"]
[Result "1-0"]
[WhiteElo "2378"]
[BlackElo "2296"]
[PlyCount "71"]
[EventDate "2016.09.04"]

1. e4 c6 2. d4 d5 3. e5 c5 4. dxc5 Qa5+ 5. c3 Qxc5 6. Bf4 e6 7. Nd2 Ne7 8. Ngf3
Bd7 9. Bd3 h6 10. O-O Nbc6 11. c4 g5 12. Be3 Qa5 13. cxd5 Nxd5 14. Nc4 Qc7 15.
Be4 g4 16. Bxd5 exd5 17. Nd6+ Bxd6 18. exd6 Qxd6 19. Nd4 Ne7 20. Qd2 Kf8 21.
Bf4 Qb6 22. Rfe1 Re8 23. Rac1 Ng8 24. Rxe8+ Kxe8 25. Bc7 Qa6 26. Qf4 f6 27.
Re1+ Kf8 28. Bd8 Rh7 29. Qb8 Kg7 30. Be7 Rh8 31. Qc7 Qa4 32. Bb4 Kg6 33. a3 Rh7
34. Qxb7 Be6 35. Qb8 Bf7 36. Qc8 1-0

[Event "Druga liga centralne Srbije grupa "]
[Site "?"]
[Date "2016.10.07"]
[Round "8.2"]
[White "Zivkovic, Sava"]
[Black "Brajovic, Miroljub"]
[Result "1-0"]
[WhiteElo "2273"]
[BlackElo "2083"]
[PlyCount "74"]
[EventDate "2016.09.04"]

1. e4 d5 2. exd5 Qxd5 3. Nc3 Qd6 4. d4 Nf6 5. Nb5 Qd8 6. c4 c6 7. Nc3 e6 8. Nf3
Be7 9. Bd3 O-O 10. O-O c5 11. dxc5 Bxc5 12. Qe2 a6 13. Bg5 Be7 14. Rad1 Qc7 15.
Ne5 Nc6 16. Nxc6 bxc6 17. Ne4 Ne8 18. Bxe7 Qxe7 19. c5 Nc7 20. Nd6 Nd5 21. f4
Qf6 22. Kh1 a5 23. Rf3 g6 24. Ne4 Qg7 25. Bc4 Rb8 26. b3 a4 27. Qf2 axb3 28.
axb3 Ra8 29. Qh4 Ra1 30. Rfd3 Rxd1+ 31. Rxd1 f5 32. Nd6 Bd7 33. Re1 h6 34. Bxd5
cxd5 35. b4 Rb8 36. h3 Rxb4 37. Qd8+ Kh7 1-0

[Event "Druga liga centralne Srbije grupa "]
[Site "?"]
[Date "2016.10.07"]
[Round "8.2"]
[White "Musovic, Sabrija"]
[Black "Ignjatovic, Predrag"]
[Result "0-1"]
[WhiteElo "2069"]
[BlackElo "2270"]
[PlyCount "106"]
[EventDate "2016.09.04"]

1. e4 e5 2. Nf3 Nc6 3. Bb5 a6 4. Ba4 Nf6 5. d3 d6 6. h3 g6 7. c3 Bg7 8. Be3 O-O
9. Nbd2 h6 10. Nf1 Nh5 11. Qd2 Kh7 12. g4 Qf6 13. gxh5 Qxf3 14. hxg6+ fxg6 15.
Ng3 Be6 16. Bd1 Qf7 17. b3 Ne7 18. Bg4 Rad8 19. Bxe6 Qxe6 20. c4 c6 21. Qe2 Rf6
22. Qg4 Qf7 23. h4 h5 24. Qe2 Rf8 25. Rh2 Qe6 26. Bg5 R6f7 27. O-O-O Ng8 28.
Rf1 Nf6 29. f3 Nd7 30. Qe3 a5 31. Ne2 Nc5 32. Ng1 Qd7 33. Qd2 Ne6 34. Qxa5 Nd4
35. Rhf2 b5 36. Be3 bxc4 37. dxc4 Bf6 38. Bg5 Bxg5+ 39. hxg5 Qe7 40. Qd2 Rf4
41. Qe3 d5 42. cxd5 cxd5 43. exd5 Qc5+ 44. Kb1 Qxd5 45. Rd1 R8f7 46. Rd3 Qa5
47. Qd2 Qa7 48. Rc3 R4f5 49. Qe3 Qe7 50. Rg2 Qa7 51. Qe4 Nb5 52. Rc8 Qd7 53.
Qc2 Qd4 0-1

[Event "Druga liga centralne Srbije grupa "]
[Site "?"]
[Date "2016.10.07"]
[Round "8.2"]
[White "Nenadovic, Ljubisa"]
[Black "Kijanovic, Igor"]
[Result "1/2-1/2"]
[WhiteElo "2086"]
[BlackElo "2066"]
[PlyCount "94"]
[EventDate "2016.09.04"]

1. d4 Nf6 2. c4 e6 3. Nf3 b6 4. g3 Bb7 5. Bg2 Be7 6. O-O O-O 7. Nc3 Ne4 8. Qc2
Nxc3 9. Qxc3 Bf6 10. Qc2 g6 11. Bh6 Bg7 12. Qd2 d6 13. Rad1 Nd7 14. Rfe1 Qe7
15. Bxg7 Kxg7 16. e4 Rad8 17. Qc3 f6 18. Re3 e5 19. Bh3 Nb8 20. b4 Bc8 21. Bxc8
Rxc8 22. dxe5 dxe5 23. Red3 Rcd8 24. a3 Nc6 25. Rd5 a5 26. b5 Nb8 27. Ne1 c6
28. R5d3 Rxd3 29. Qxd3 cxb5 30. cxb5 Rf7 31. Qd6 Qc7 32. Qxc7 Rxc7 33. Rd6 Nd7
34. Rc6 Rb7 35. Nd3 Kf7 36. Kf1 Ke7 37. f4 Nb8 38. Rc3 Kd6 39. Ke2 g5 40. Ke3
gxf4+ 41. gxf4 h5 42. Rc8 Nd7 43. f5 Rc7 44. Rxc7 Kxc7 45. Nb2 Nc5 46. Nc4 Na4
47. Kd3 Nc5+ 1/2-1/2

[Event "Druga liga centralne Srbije grupa "]
[Site "?"]
[Date "2016.10.07"]
[Round "8.2"]
[White "Vizlina, Branisa"]
[Black "Savic, Dragan"]
[Result "1/2-1/2"]
[WhiteElo "2061"]
[BlackElo "2077"]
[PlyCount "112"]
[EventDate "2016.09.04"]

1. e4 e6 2. c4 d5 3. exd5 exd5 4. d4 Nf6 5. Nc3 c6 6. Nf3 dxc4 7. Bxc4 Be7 8.
O-O O-O 9. h3 Nbd7 10. Re1 Nb6 11. Bb3 Re8 12. Bg5 h6 13. Bh4 Bf5 14. Ne5 Nbd5
15. Qf3 Be6 16. Rad1 Rc8 17. Rd2 Qa5 18. Rde2 Rcd8 19. Bc2 Nd7 20. Nxf7 Bxf7
21. Bxe7 Nxe7 22. Rxe7 Nf6 23. Rxe8+ Rxe8 24. Rxe8+ Bxe8 25. Ne4 Qe1+ 26. Kh2
Nxe4 27. Bxe4 Qb4 28. Qc3 Qd6+ 29. g3 Bf7 30. b3 Qa3 31. Qc2 Qb4 32. Qd3 Qa3
33. Qe2 Qb4 34. Qe3 Qa3 35. Qf4 Qf8 36. h4 Qd8 37. Bd3 Bd5 38. Qf5 Qe7 39. h5
Be6 40. Qe5 Kf8 41. Bg6 Bc8 42. f4 Qxe5 43. dxe5 Bg4 44. Kg2 c5 45. Kf2 Ke7 46.
f5 b5 47. Ke3 a5 48. Ke4 Be2 49. Kd5 c4 50. bxc4 Bxc4+ 51. Kc5 Bf1 52. a3 Be2
53. g4 b4 54. axb4 axb4 55. Kxb4 Bxg4 56. Kc5 Be2 1/2-1/2

[Event "Druga liga centralne Srbije grupa "]
[Site "?"]
[Date "2016.10.07"]
[Round "8.3"]
[White "Bojovic, Dusan"]
[Black "Stojanovic, Marko"]
[Result "1-0"]
[WhiteElo "2246"]
[BlackElo "2308"]
[PlyCount "95"]
[EventDate "2016.09.04"]

1. e4 e5 2. Nf3 Qe7 3. Nc3 c6 4. d4 d6 5. Be3 Nf6 6. h3 h6 7. a4 a5 8. Qd2 Qc7
9. Bc4 Be7 10. O-O-O Nbd7 11. dxe5 dxe5 12. g4 Nh7 13. h4 Ndf8 14. Rhg1 Be6 15.
Qe2 Bxc4 16. Qxc4 Ne6 17. g5 hxg5 18. hxg5 Nhf8 19. g6 fxg6 20. Ng5 Bxg5 21.
Rxg5 Rd8 22. Rxd8+ Kxd8 23. Rg1 Kc8 24. b3 Kb8 25. Nd1 Qd6 26. Nb2 Nd4 27. Rd1
Nfe6 28. c3 b5 29. axb5 cxb5 30. Qd5 Qxd5 31. exd5 Nxb3+ 32. Kc2 Nec5 33. c4
Nd4+ 34. Bxd4 exd4 35. cxb5 Rh4 36. Ra1 d3+ 37. Kc3 a4 38. Nc4 Nb3 39. Rg1 Rh3
40. d6 Nc5 41. Re1 Rh8 42. Kb4 d2 43. Rb1 Nd3+ 44. Kc3 Nxf2 45. Nxd2 a3 46. Nc4
a2 47. Ra1 Rh3+ 48. Kd4 1-0

[Event "Druga liga centralne Srbije grupa "]
[Site "?"]
[Date "2016.10.07"]
[Round "8.3"]
[White "Ilic, Zdravko"]
[Black "Toth, Aleksandar"]
[Result "1/2-1/2"]
[WhiteElo "2151"]
[BlackElo "2341"]
[PlyCount "29"]
[EventDate "2016.09.04"]

1. e4 e5 2. Nf3 Nc6 3. Bc4 Bc5 4. O-O d6 5. h3 Nf6 6. d3 O-O 7. c3 a6 8. Bb3
Ba7 9. Re1 h6 10. Nbd2 Be6 11. Nf1 Re8 12. Be3 Qd7 13. Bxa7 Rxa7 14. Ng3 Bxb3
15. Qxb3 1/2-1/2

[Event "Druga liga centralne Srbije grupa "]
[Site "?"]
[Date "2016.10.07"]
[Round "8.3"]
[White "Jovanovic, Miroslav O"]
[Black "Savic, Petar A"]
[Result "1/2-1/2"]
[WhiteElo "2101"]
[BlackElo "2073"]
[PlyCount "64"]
[EventDate "2016.09.04"]

1. d4 Nf6 2. c4 d5 3. Nc3 e6 4. Nf3 Be7 5. Bg5 O-O 6. e3 b6 7. cxd5 exd5 8. Qc2
Bb7 9. Bd3 h6 10. Bf4 a6 11. h3 c5 12. g4 Nc6 13. a3 Re8 14. Kf1 cxd4 15. Nxd4
Nxd4 16. exd4 Bd6 17. Be3 Ne4 18. Nxe4 dxe4 19. Be2 Rc8 20. Qb3 b5 21. Kg2 Be7
22. Rac1 Rxc1 23. Rxc1 Bd5 24. Qc2 Bd6 25. a4 Qf6 26. Qd1 Rb8 27. axb5 axb5 28.
Qf1 b4 29. Qe1 Ra8 30. Ra1 Rc8 31. Rc1 Bc7 32. Qd2 Qb6 1/2-1/2

[Event "Druga liga centralne Srbije grupa "]
[Site "?"]
[Date "2016.10.07"]
[Round "8.3"]
[White "Rikalovic, Milan"]
[Black "Jovanovic, Obrad"]
[Result "0-1"]
[WhiteElo "2017"]
[BlackElo "2088"]
[PlyCount "76"]
[EventDate "2016.09.04"]

1. e4 c5 2. f4 d6 3. Nf3 Nc6 4. Bb5 a6 5. Bxc6+ bxc6 6. d3 g6 7. Nbd2 Bg7 8.
Rb1 Qa5 9. a3 Rb8 10. O-O e6 11. Nc4 Qc7 12. e5 Bf8 13. exd6 Bxd6 14. Nxd6+
Qxd6 15. b3 f6 16. Qe1 Ne7 17. Be3 Nd5 18. Nd2 Nxe3 19. Qxe3 Qd4 20. Rbe1 Kf7
21. Ne4 Rd8 22. Nxc5 Qxe3+ 23. Rxe3 Rd5 24. Ne4 h6 25. Rfe1 Rb7 26. a4 Re7 27.
c4 Rd4 28. g3 f5 29. Nc5 Kf6 30. b4 g5 31. fxg5+ hxg5 32. Rf1 e5 33. h3 Rd8 34.
g4 f4 35. Re2 Rh8 36. Kg2 Reh7 37. Rf3 Bxg4 38. hxg4 Rh2+ 0-1

[Event "Druga liga centralne Srbije grupa "]
[Site "?"]
[Date "2016.10.07"]
[Round "8.3"]
[White "Bojovic, Zoran"]
[Black "Jakovljevic, Ljubomir"]
[Result "1-0"]
[WhiteElo "2083"]
[BlackElo "1922"]
[PlyCount "87"]
[EventDate "2016.09.04"]

1. e4 e6 2. d4 d5 3. Nc3 dxe4 4. Nxe4 Nf6 5. Bd3 Nbd7 6. Bg5 Be7 7. Bxf6 Nxf6
8. Nf3 Nxe4 9. Bxe4 Bf6 10. Qe2 c6 11. O-O-O g6 12. Kb1 O-O 13. g4 a5 14. h4 a4
15. a3 Ra5 16. g5 Be7 17. Ne5 Qc7 18. f4 Bd7 19. h5 Be8 20. Qh2 f5 21. hxg6 Bd6
22. Nf7 Rxf7 23. gxf7+ Qxf7 24. Bd3 Qg7 25. Bc4 Bg6 26. Qd2 Qc7 27. Bxe6+ Kf8
28. Rhf1 Ra7 29. Qd3 Ra5 30. Qc3 Ra6 31. d5 Qg7 32. Qxg7+ Kxg7 33. dxc6 Rxc6
34. Bd7 Rb6 35. Bxa4 Bxa3 36. Rd7+ Kf8 37. Bb3 Bd6 38. Rd1 Bxf4 39. Rd8+ Be8
40. Re1 Bxg5 41. Rexe8+ Kg7 42. Rg8+ Kh6 43. Rd1 Rb4 44. Bf7 1-0

[Event "Druga liga centralne Srbije grupa "]
[Site "?"]
[Date "2016.10.07"]
[Round "8.4"]
[White "Bzenic, Dejan"]
[Black "Gajic, Branko"]
[Result "1/2-1/2"]
[WhiteElo "2294"]
[BlackElo "2204"]
[PlyCount "51"]
[EventDate "2016.09.04"]

1. f4 d5 2. Nf3 Nf6 3. g3 Bg4 4. Bg2 e6 5. d3 Nbd7 6. h3 Bxf3 7. Bxf3 c6 8. Nc3
Bc5 9. e3 O-O 10. d4 Be7 11. O-O c5 12. Ne2 cxd4 13. exd4 Nb6 14. Qd3 Nc4 15.
g4 Nd6 16. Ng3 Nfe8 17. g5 f5 18. h4 Ne4 19. Bxe4 fxe4 20. Qb3 Qc7 21. Kg2 Rc8
22. Rf2 Bd6 23. Qe3 g6 24. c3 Ng7 25. Bd2 Rf7 26. Raf1 1/2-1/2

[Event "Druga liga centralne Srbije grupa "]
[Site "?"]
[Date "2016.10.07"]
[Round "8.4"]
[White "Cabarkapa, Mijomir"]
[Black "Aleksic, Milan"]
[Result "1/2-1/2"]
[WhiteElo "2182"]
[BlackElo "2259"]
[PlyCount "50"]
[EventDate "2016.09.04"]

1. Nf3 Nf6 2. d4 g6 3. g3 Bg7 4. Bg2 d6 5. O-O O-O 6. c4 c6 7. Nc3 Nbd7 8. Qc2
e5 9. e4 exd4 10. Nxd4 a5 11. h3 Nc5 12. Be3 Re8 13. Rad1 Qe7 14. f3 a4 15.
Rfe1 Nfd7 16. Bf2 h5 17. Be3 Qf8 18. f4 Kh7 19. Nf3 Kg8 20. Bd4 f6 21. Nh4 Qf7
22. Bf1 Bf8 23. f5 gxf5 24. exf5 Ne5 25. Bxe5 dxe5 1/2-1/2

[Event "Druga liga centralne Srbije grupa "]
[Site "?"]
[Date "2016.10.07"]
[Round "8.4"]
[White "Markovic, Sasa"]
[Black "Dragasevic, Dragan"]
[Result "1-0"]
[WhiteElo "2136"]
[BlackElo "2190"]
[PlyCount "87"]
[EventDate "2016.09.04"]

1. c4 c6 2. g3 d6 3. Bg2 Nf6 4. Nc3 e5 5. e4 Be7 6. Nge2 Bg4 7. h3 Be6 8. d3 h6
9. O-O Qc8 10. Kh2 Na6 11. f4 g6 12. Be3 Nc7 13. b4 h5 14. a4 h4 15. g4 Bxg4
16. d4 Bxe2 17. Nxe2 exf4 18. Nxf4 Ne6 19. Nd3 Nh5 20. d5 Neg7 21. c5 O-O 22.
e5 dxe5 23. d6 Bf6 24. Ra2 Nf5 25. Bc1 Nhg3 26. Re1 Re8 27. Rf2 Qd7 28. Be4
Nxe4 29. Rxe4 Kg7 30. Qf3 Re6 31. Qg4 Ree8 32. Bb2 Rad8 33. Qf3 Re6 34. Qg4 Nh6
35. Qg2 Kh7 36. Rxf6 Rxf6 37. Rxh4 Rf5 38. Nxe5 Qe8 39. Ng4 f6 40. Nxh6 Rh5 41.
Ng4 Qf7 42. Nxf6+ Kh6 43. Rxh5+ gxh5 44. Bc1# 1-0

[Event "Druga liga centralne Srbije grupa "]
[Site "?"]
[Date "2016.10.07"]
[Round "8.4"]
[White "Jovcic, Zoran"]
[Black "Djokovic, Ivan"]
[Result "1-0"]
[WhiteElo "2149"]
[BlackElo "2191"]
[PlyCount "115"]
[EventDate "2016.09.04"]

1. e4 d6 2. d4 Nf6 3. Nc3 g6 4. f4 Bg7 5. Nf3 O-O 6. Bd3 a6 7. e5 Ne8 8. Qe2 c5
9. dxc5 dxc5 10. Be3 Qa5 11. Qf2 Nd7 12. O-O Nc7 13. Be4 Rb8 14. a4 Qb4 15. Bd2
f5 16. Bd3 Qb6 17. Bc4+ e6 18. b3 Qc6 19. a5 b5 20. axb6 Nxb6 21. Ra5 Nd7 22.
Na4 Rb5 23. Bxb5 axb5 24. Nb2 Bb7 25. c4 Rc8 26. cxb5 Nxb5 27. Nc4 Bf8 28. Be3
Nc3 29. Rc1 Ne4 30. Qc2 h6 31. Ra4 Be7 32. Na5 Qb5 33. Nxb7 Qxb7 34. Rca1 Rc7
35. Qc4 Kf7 36. Ra6 Nb6 37. Rxb6 Qxb6 38. Ra6 Qxa6 39. Qxa6 Rd7 40. h4 Rd1+ 41.
Kh2 Rd8 42. Qc4 Rd1 43. Qc2 Rd5 44. Nd2 Nxd2 45. Bxd2 Bxh4 46. Ba5 Be7 47. Bc7
g5 48. g3 g4 49. Kg2 h5 50. Bd6 h4 51. gxh4 Bxh4 52. Bxc5 Be1 53. Kf1 Bd2 54.
Bd6 Bxf4 55. Qc7+ Kg6 56. Qe7 Rd2 57. Qxe6+ Kg5 58. Be7+ 1-0

[Event "Druga liga centralne Srbije grupa "]
[Site "?"]
[Date "2016.10.07"]
[Round "8.4"]
[White "Jovanovic, Milovan"]
[Black "Jocovic, Slobodan"]
[Result "1-0"]
[WhiteElo "2102"]
[BlackElo "2044"]
[PlyCount "137"]
[EventDate "2016.09.04"]

1. d4 e6 2. Nf3 Nf6 3. Bf4 d5 4. e3 Bd6 5. Bxd6 Qxd6 6. Nbd2 O-O 7. Bd3 c5 8.
c3 Nc6 9. O-O b6 10. Rc1 Bb7 11. Re1 Rac8 12. e4 dxe4 13. Nxe4 Nxe4 14. Bxe4
Na5 15. dxc5 Qxd1 16. Rcxd1 Bxe4 17. Rxe4 bxc5 18. Kf1 Rc7 19. b3 h6 20. Rd6
Nc6 21. Rc4 Na5 22. Ra4 Nc6 23. Ke2 Rb8 24. Ra6 Rb6 25. Rxb6 axb6 26. a4 Kf8
27. Nd2 Ke7 28. Nc4 f6 29. f4 g5 30. g3 Na5 31. Rxb6 Nxc4 32. bxc4 Ra7 33. Rc6
Ra5 34. Rc7+ Kd6 35. Rf7 Rxa4 36. Rxf6 gxf4 37. gxf4 Ke7 38. Rxh6 Rxc4 39. Kd3
Rxf4 40. h4 c4+ 41. Ke3 Rg4 42. h5 Kf7 43. Rh8 Rh4 44. h6 e5 45. h7 Kg7 46. Re8
Kxh7 47. Rxe5 Kg7 48. Re4 Rh6 49. Kd4 Rc6 50. Kd5 Rc8 51. Rxc4 Rd8+ 52. Ke6 Rd3
53. Rg4+ Kf8 54. c4 Re3+ 55. Kd7 Rd3+ 56. Kc7 Re3 57. Rd4 Ke8 58. Rd8+ Ke7 59.
Rd7+ Ke8 60. c5 Ra3 61. c6 Ra7+ 62. Kc8 Ra6 63. Kb7 Ra2 64. Rd4 Rb2+ 65. Kc7
Re2 66. Kc8 Ke7 67. c7 Rh2 68. Rd1 Rh3 69. Rb1 1-0

[Event "Druga liga centralne Srbije grupa "]
[Site "?"]
[Date "2016.10.07"]
[Round "8.4"]
[White "Nikolic, Ivan D"]
[Black "Markovic, Miroslav R"]
[Result "0-1"]
[WhiteElo "1818"]
[BlackElo "2097"]
[PlyCount "85"]
[EventDate "2016.09.04"]

1. e4 e6 2. d4 c5 3. Nf3 cxd4 4. Nxd4 a6 5. Nc3 Bb4 6. Bd3 Nc6 7. Nxc6 bxc6 8.
O-O Ne7 9. Qg4 Ng6 10. Bg5 Be7 11. Bxe7 Qxe7 12. f4 f6 13. h4 O-O 14. h5 Nh8
15. f5 Nf7 16. Rae1 Rb8 17. b3 Ng5 18. Nd1 e5 19. Bc4+ Kh8 20. Nf2 Rd8 21. Rd1
Bb7 22. Nh3 Nxh3+ 23. gxh3 d5 24. Bd3 c5 25. Kh2 dxe4 26. Bc4 Rxd1 27. Rxd1 Rd8
28. Rg1 Rd2+ 29. Kg3 h6 30. Kh4 Rf2 31. Qg6 Bc6 32. Bf7 Rf4+ 33. Rg4 Rxg4+ 34.
Kxg4 Bd7 35. Kg3 Bc6 36. Kf2 Qd8 37. Ke2 e3 38. Kxe3 Qd4+ 39. Ke2 Qe4+ 40. Kd1
Qe3 41. c4 Bf3+ 42. Kc2 Qe2+ 43. Kc3 0-1

[Event "Druga liga centralne Srbije grupa "]
[Site "?"]
[Date "2016.10.07"]
[Round "8.5"]
[White "Lekic, Dusan"]
[Black "Vujic, Mihailo"]
[Result "1/2-1/2"]
[WhiteElo "2360"]
[BlackElo "2331"]
[PlyCount "81"]
[EventDate "2016.09.04"]

1. d4 d5 2. c4 e5 3. dxe5 d4 4. Nf3 Nc6 5. a3 Nge7 6. b4 Ng6 7. Bb2 a5 8. b5
Ncxe5 9. Nxe5 Nxe5 10. e3 Be6 11. Bxd4 Nxc4 12. Qc2 Nd6 13. Bd3 Qg5 14. f4 Qd5
15. Nc3 Qb3 16. Qxb3 Bxb3 17. Kf2 O-O-O 18. Rhc1 Be6 19. Na4 Nf5 20. Bxf5 Bxf5
21. Bb6 Rd2+ 22. Kf3 Bc2 23. Bxa5 Bxa4 24. Bxd2 Bxb5 25. Bb4 f5 26. g4 Bc6+ 27.
Kg3 g6 28. gxf5 gxf5 29. Bxf8 Rxf8 30. Kf2 Be4 31. Rg1 b6 32. Rg7 Rd8 33. Rxh7
Rd2+ 34. Kg3 Rg2+ 35. Kh3 Rg4 36. Ra2 c5 37. Rh5 Bd3 38. Ra1 Be4 39. Ra2 Bd3
40. Ra1 Be4 41. Ra2 1/2-1/2

[Event "Druga liga centralne Srbije grupa "]
[Site "?"]
[Date "2016.10.07"]
[Round "8.5"]
[White "Markovic, Dragan P"]
[Black "Misailovic, Nebojsa"]
[Result "0-1"]
[WhiteElo "2237"]
[BlackElo "2344"]
[PlyCount "72"]
[EventDate "2016.09.04"]

1. e4 c5 2. c3 Nf6 3. e5 Nd5 4. d4 cxd4 5. Nf3 e6 6. cxd4 d6 7. Bd3 dxe5 8.
Nxe5 Nc6 9. O-O Bd6 10. Nf3 O-O 11. Re1 Bd7 12. Nc3 Nf6 13. Bg5 Nb4 14. Bb1 Bc6
15. a3 Nbd5 16. Qc2 g6 17. Ne5 Rc8 18. Qe2 Be7 19. Bh6 Re8 20. Nxf7 Nxc3 21.
bxc3 Qd5 22. f3 Bb5 23. Qe3 Kxf7 24. Be4 Nxe4 25. fxe4 Qd7 26. Qf4+ Kg8 27. Re3
Bf8 28. Bg5 Bg7 29. Qh4 Rf8 30. e5 Rf5 31. Rg3 Rcf8 32. h3 Rf1+ 33. Rxf1 Rxf1+
34. Kh2 Qf7 35. Be3 Qf8 36. Qg5 Bc4 0-1

[Event "Druga liga centralne Srbije grupa "]
[Site "?"]
[Date "2016.10.07"]
[Round "8.5"]
[White "Vlatkovic, Sinisa"]
[Black "Milovanovic, Nenad"]
[Result "1/2-1/2"]
[WhiteElo "2264"]
[BlackElo "2149"]
[PlyCount "26"]
[EventDate "2016.09.04"]

1. d4 Nf6 2. c4 d6 3. Nf3 Nbd7 4. Nc3 e5 5. g3 Be7 6. Bg2 O-O 7. O-O c6 8. Qc2
Re8 9. e4 Qc7 10. a4 a5 11. h3 h6 12. Be3 b6 13. Rad1 Ba6 1/2-1/2